000 00653nam a22001817a 4500
003 OSt
005 20140310181713.0
008 121212t xxu||||| |||| 00| 0 eng d
050 _aPN 59
_b.L776 1997
082 _aFIL 807
_bL71 1997
245 _aAng literatura ng mundo=the literatures of the world. /
_cPhilippines. Commission on Higher Education.
260 _aManila :
_bTechnical Subcommitte on Literature, Technical Panel on Humanities, Social Sciences, and Communication, Commission on Higher Education,
_c1997.
300 _a42 p. ;
_c23 cm.
521 _aBasic ed. students
541 _j1
562 _e1
942 _2lcc
_cBK-FIL
_kFIL
999 _c1668
_d1668